An introduction to ordinary differential equations / (Record no. 5533)

MARC details
000 -LEADER
fixed length control field 00594nam a2200205 4500
005 - DATE AND TIME OF LATEST TRANSACTION
control field 20150417153239.0
007 - PHYSICAL DESCRIPTION FIXED FIELD--GENERAL INFORMATION
fixed length control field 000
008 - FIXED-LENGTH DATA ELEMENTS--GENERAL INFORMATION
fixed length control field 000
020 ## - INTERNATIONAL STANDARD BOOK NUMBER
International Standard Book Number 812030361x
040 ## - CATALOGING SOURCE
Original cataloging agency UOEL
050 ## - LIBRARY OF CONGRESS CALL NUMBER
Classification number QA372.I5
Item number .C62 1961
100 ## - MAIN ENTRY--PERSONAL NAME
Personal name Coddington, Earl A.
245 ## - TITLE STATEMENT
Title An introduction to ordinary differential equations /
Statement of responsibility, etc Earl, A. Coddington
260 ## - PUBLICATION, DISTRIBUTION, ETC. (IMPRINT)
Place of publication, distribution, etc New Delhi ;
Name of publisher, distributor, etc Prentice - Hall of India Private Ltd ,
Date of publication, distribution, etc c1961.
300 ## - PHYSICAL DESCRIPTION
Extent xi, 292 p. :
Other physical details ill.
500 ## - GENERAL NOTE
General note Includes index
650 ## - SUBJECT ADDED ENTRY--TOPICAL TERM
Topical term or geographic name as entry element Ordinary - equations
General subdivision Mathematics
Topical term or geographic name as entry element Differential - equations
General subdivision Mathematics
942 ## - ADDED ENTRY ELEMENTS (KOHA)
Source of classification or shelving scheme Library of Congress Classification
Item type Loan - Normal on open shelf
Holdings
Withdrawn status Lost status Source of classification or shelving scheme Damaged status Not for loan Home library Current library Shelving location Date acquired Total Checkouts Full call number Barcode Date last seen Copy number Price effective from Koha item type
    Library of Congress Classification     UOE Main Library UOE Main Library Open shelf 17/04/2015   QA372.I5 .C62 1961 20031698 27/04/2026 20031698 17/04/2015 Loan - Normal on open shelf